000
00313nam a2200121Ia 4500
008
190216s9999||||xx |||||||||||||| ||und||
100
_a
Jerry March
245
0
_a
Advanced Organic Chemistry Reactions Mechanisms And Structure
260
_b
Mcgraw -hill
_c
1977
300
_a
1328
650
_a
Chemistry
942
_c
BK
999
_c
2461
_d
2461